02527cam a22011174i 4500003000900000005001700009008004100026020001800067035002700085040003300112082002100145100004000166245011400206264002900320300005500349336002100404337002500425338002300450505022100473526000900694526000900703526000900712526000900721526000900730526000900739526000900748526000900757526000900766526000900775526000900784526000900793526000900802526000900811526000900820526000900829526000900838526000900847526000900856526000900865526000900874526000900883526000900892526000900901526000900910526000900919526000900928526000900937526000900946526000900955526000900964526000900973526000900982526000900991526000901000526000901009526000901018526000801027526000801035526000801043526000801051526000801059526000801067526000801075526000801083526000801091526000801099526000801107526000801115526000801123526000801131526000801139526000801147526000801155526000801163526000801171526000801179526000801187526000801195526000801203526000801211526000801219526000801227526000801235526000801243526000801251526000801259526000801267526000801275526000801283526000801291526000801299541001701307650003101324650003401355650002001389PE-LiUPU20250813185555.0150706s2007    ck a    r     000 0 spa d  a9789586485043  a(Sirsi) i9789586485043  aPE-LiUPUbspacPE-LiUPUerda04a305.235bA682211 aArdila Serrano, Luz Marina,eautor.10aAdolescencia, desarrollo emocional :bguía y talleres para padres y docentes /cLuz Marina Ardilla Serrano. 1aBogotá :bEcoe,c2007.  a188 páginas :bilustraciones ;c24 centímetros  atext2rdacontent  aunmediated2rdamedia  avolume2rdacarrier0 aAdolescencia -- Cerebro triuno -- Sistema límbico -- Alimentación y estudio -- La comunicación -- La nueva era -- Inteligencia emocional -- Problemas de aprendizaje -- Otras dificultades -- Talleres y lecturas.  aP202  aP201  aP163  aP162  aP161  aP160  aP148  aP147  aP146  aP145  aP144  aP143  aP142  aP141  aP140  aP139  aP138  aP137  aP136  aP135  aP134  aP133  aP129  aP128  aP127  aP120  aP119  aP118  aP116  aP115  aP114  aP110  aP109  aP108  aP104  aP103  aP102  aP99  aP98  aP97  aP96  aP95  aP93  aP90  aP89  aP88  aP83  aP82  aP62  aP59  aP58  aP57  aP51  aP49  aP48  aP47  aP29  aP24  aP20  aP19  aP17  aP15  aP14  aP12  aP10  aP09  aP08  aP07  aP06  aP05  aP04  aP01  g001-0031615;14aAdolescentesxEducación.24aPsicología del adolescente.24aPadres e hijos.